| 000 | 00454cam a2200181ua 4500 | ||
|---|---|---|---|
| 001 | 6152 | ||
| 008 | 131119n ii |||gr||||Z||||||eng | ||
| 020 | _a81-272-0928-7 | ||
| 040 | _cMAIN | ||
| 082 | _a658 | ||
| 245 | 1 | 1 |
_aPrinciples of Management _cBy C.N. Sontakki |
| 260 |
_aLudhiana: _bKalyani Publishers, _c2003. |
||
| 300 | _ax,179p. | ||
| 653 | _aCommerce | ||
| 653 | _aPrinciples of Management | ||
| 700 | 1 |
_aSontakki,C.N., _eAuthor. |
|
| 942 | _cBK | ||
| 999 |
_c5304 _d5304 |
||